| 000 | 00494nam a22001577a 4500 | ||
|---|---|---|---|
| 003 | SGT | ||
| 082 | _a658.1, GUP | ||
| 100 | _aFRANKLIN, TERRY | ||
| 245 | _aPRINCIPLES OF MANAGEMENT | ||
| 250 | _a8TH | ||
| 260 |
_aNEW DELHI _bA I T B S _c2014 |
||
| 300 | _a614 | ||
| 650 | _aMANAGEMENT | ||
| 653 | _aFOUNDATIONS FOR MANAGEMENT STUDY, PROBLEM SLOWING AND DECISION MAKING, PLANNING, ORGANIZING, ACTUATING, CONTROLLING, INTERNATIONAL AND FUTURE VIEWS OF MANAGEMENT, | ||
| 942 |
_2ddc _cFCM _01 |
||
| 999 |
_c9053 _d9053 |
||